Transcendental numbers /
Guardado en:
| Autor Principal: | |
|---|---|
| Formato: | Libro |
| Idioma: | English |
| Publicado: |
Princeton :
Princeton University Press,
1949.
|
| Series: | Annals of mathematics studies ;
no. 16 |
| Etiquetas: |
Agregar Etiqueta
Sin Etiquetas, Sea el primero en etiquetar este registro!
|
| LEADER | 00573nam a22001695a 4500 | ||
|---|---|---|---|
| 001 | MAT.inmabb000397 | ||
| 008 | 031211s1949####nju###########001#0#eng#d | ||
| 005 | 20110302124427.0 | ||
| 245 | 1 | 0 | |a Transcendental numbers / |c by Carl Ludwig Siegel. |
| 260 | |a Princeton : |b Princeton University Press, |c 1949. | ||
| 300 | |a viii, 102 p. ; |c 23 cm. | ||
| 440 | 0 | |a Annals of mathematics studies ; |v no. 16 | |
| 510 | 4 | |a MR, |c 11,330c | |
| 100 | 1 | |a Siegel, Carl Ludwig, |d 1896- | |
| 084 | |a 11Jxx |2 msc2000 | ||
| 859 | |h 11 |i Si571 |p A-136 |b BIB. MATEMATICA | ||
| 859 | |h 11 |i Si571 |p A-2128 |t Ej. 2 |b BIB. MATEMATICA | ||
